Make: Maker Projects Guide

Guardat en:
Dades bibliogràfiques
Autor principal: Frauenfelder, Mark
Format: Llibre
Publicat: Maker Media, Inc
Etiquetes: Afegir etiqueta
Sense etiquetes, Sigues el primer a etiquetar aquest registre!
LEADER 00748cam a22001937a 4500
001 (Sirsi) i9781457182952
005 20190330165705.0
008 190219n xx ||||||||||||||||| |d
020 |a 9781457182952 
040 |a SMLIBRARY  |b eng  |c SMLIBRARY  |e AACR2 
100 |a Frauenfelder, Mark 
245 1 |a Make: Maker Projects Guide 
260 |b Maker Media, Inc 
901 |a 600 FRA  |i BK10021014I  |m SMLIBRARY  |l ADULT  |t BOOK  |p 29.25  |x ADULT  |z ANFIC  |u 22/11/2013 
903 |a  SMLNEWITEM, SMLPOPULAR 
904 |a 1 
942 |2 ddc  |c YPBOOK 
952 |0 0  |1 0  |2 ddc  |4 0  |6 Y_641_563000000000000_PUR  |7 0  |8 YP | YPNFIC  |9 41181  |a SMLIBRARY  |b SMLIBRARY  |c YP  |d 2013-11-22  |g 29.25  |l 0  |o Y 641.563 PUR  |p BK10021014I  |r 2019-04-05 00:00:00  |t 1  |v 29.25  |w 2019-06-25  |y YPBOOK 
999 |c 35278  |d 35278